Porucha reprodukce prasat II : sborník přednášek odborného semináře : Hradec Králové, 5. dubna 2002

Korporativní autor: Veterinární a farmaceutická univerzita Brno. Fakulta veterinárního lékařství
Jazyk: Čeština
Vydáno: Brno : Veterinární a farmaceutická univerzita, 2002
Témata:
Fyzický popis: 51 s. : il. ; 30 cm
Knihy
Uloženo v:
LEADER 01302nam a2200349 a 4500
001 000609846
003 CZ BrMZK
005 20100115084342.0
007 ta
008 020710s2002 xr f cze d
015 |a cnb001177151 
020 |a 80-7305-429-9 
035 |a (OCoLC)53262384 
040 |a BOA001  |b cze 
072 7 |a 636  |x Chov zvířat. Živočišná výroba  |2 Konspekt  |9 24 
080 |a 636.4  |2 MRF 
080 |a 636.09:616  |2 MRF 
080 |a 636.082  |2 MRF 
080 |a (062.534)  |2 MRF 
245 0 0 |a Porucha reprodukce prasat II :  |b sborník přednášek odborného semináře : Hradec Králové, 5. dubna 2002 
260 |a Brno :  |b Veterinární a farmaceutická univerzita,  |c 2002 
300 |a 51 s. :  |b il. ;  |c 30 cm 
500 |a Název z obálky 
504 |a Obsahuje bibliografie 
650 0 7 |a rozmnožování hospodářských zvířat  |7 ph125264  |2 czenas 
650 0 7 |a prasata  |7 ph115875  |2 czenas 
650 0 7 |a veterinární patologie  |7 ph127058  |2 czenas 
655 7 |a sborníky konferencí  |7 fd133333  |2 czenas 
710 2 |a Veterinární a farmaceutická univerzita Brno.  |b Fakulta veterinárního lékařství  |7 kn20010710375 
910 |a BOA001  |b 4-1105.751 
990 |a BK 
996 6 |b 2610168083  |c 4-1105.751  |l MZK  |r Sklad / do 1 hodiny  |n 19  |p p.v.  |w 000609846  |u 000010  |a 1  |e BOA001  |j MZK50  |s P